00558nam a2200181Ia 4500003000500000008004100005020001800046040001900064082000700083100002200090245006300112260003900175300000800214546001200222942001200234999001700246952011300263STCL181203s9999 xx 000 0 und d a9780199474950 aSTCLbENcSTCL 222 aRavallion, Martin 4aThe Economics of Poverty: History, Measurement, and Policy bOxford UniversityaNew Delhic2017 a701 aEnglish 2ddccBK c86394d86394 00102ddc4070aSTCALbSTCALcGENd2018-12-03l0o338.173 RAV-Tp94991r2018-12-03 00:00:00w2018-12-03yBK